| 000 | 01807nam1a2200385 i 4500 | ||
|---|---|---|---|
| 001 | RU\NLR\bibl\320800 | ||
| 005 | 20260406115634.0 | ||
| 035 | _a(NLR Aleph) 000315841 | ||
| 090 |
_a66267 _c66267 |
||
| 100 | _a20021017g20029999k y0rusy50 ca | ||
| 101 | 0 | _arus | |
| 102 | _aRU | ||
| 105 | _a||||z ||||| | ||
| 200 | 1 |
_aАнтичные и христианские традиции в поэзии А.С. Пушкина _fТ.Г. Мальчукова _gМ-во общ. и проф. образования Рос. Федерации, Петрозавод. гос. ун-т |
|
| 210 |
_aПетрозаводск _cПетрГУ _d2002 |
||
| 215 | _d20 | ||
| 463 | 0 | _1001314654 | |
| 463 | 0 | _1001433032 | |
| 463 | 0 | _1001433041 | |
| 600 | 1 |
_aПушкин _bА.С. _f1799 - 1837 _gАлександр Сергеевич _91155086 _3RU\NLR\auth\66143362 |
|
| 600 | 1 |
_aПушкин _bА.С. _f1799 - 1837 _gАлександр Сергеевич _xи античная литература _92030030 _3RU\NLR\auth\66935038 |
|
| 600 | 1 |
_aПушкин _bА.С. _f1799 - 1837 _gАлександр Сергеевич _xи религия _92030498 _3RU\NLR\auth\66935311 |
|
| 686 | _aШ5(2=Р)51-4Пушкин418.3 | ||
| 686 | _aШ5(2=Р)51-4Пушкин3 | ||
| 686 | _aШ5(0)32/35-318.3 | ||
| 700 | 1 |
_4070 _7ca _8rus _aМальчукова _bТ. Г. _f1940- _gТатьяна Георгиевна _9163827 _3RU\NLR\AUTH\770163871 |
|
| 702 | 1 |
_4570 _8rus _7ca _aПушкин _bА. С. _cпоэт _f1799-1837 _gАлександр Сергеевич _3RU\NLR\AUTH\77386 _9110441 |
|
| 801 | 0 |
_aRU _bNLR _c20021017 _gPSBO |
|
| 801 | 1 |
_aRU _bNLR _c20021017 |
|
| 852 |
_aNLR _j2002-3/23528 |
||
| 942 | _cBOOK | ||